PowerPoint 2000: resultados profesionales
Saved in:
| Hovedforfatter: | |
|---|---|
| Format: | Bog |
| Sprog: | spansk |
| Udgivet: |
Ciudad de México
McGraw-Hill
2000
|
| Fag: | |
| Tags: |
Tilføj Tag
Ingen Tags, Vær først til at tagge denne postø!
|
MARC
| LEADER | 00000nam a2200000 a 4500 | ||
|---|---|---|---|
| 001 | UCN4492 | ||
| 003 | CL-VaPUC | ||
| 008 | 010803e20000000MX |||||||||||||||||spa|d | ||
| 082 | 0 | 4 | |a 005.369 |b FIN |2 21 |
| 100 | 0 | |a Finkelstein, Ellen |e author |9 460963 | |
| 245 | 1 | 0 | |a PowerPoint 2000: resultados profesionales |
| 300 | |a 480 p | ||
| 942 | |c BK | ||
| 945 | |d 20010803 00:00:00 |a cmena | ||
| 260 | |a Ciudad de México |b McGraw-Hill |c 2000 | ||
| 650 | 0 | |a Programas de computadores |9 260046 | |
| 650 | 7 | |a POWERPOINT 2000 |2 CL-VaPUC |9 460964 | |
| 650 | 7 | |a MICROSOFT OFFICE 2000 |2 CL-VaPUC |9 460965 | |
| 650 | 0 | |a Software |9 387312 | |
| 583 | |a last modification |c 20010803 00:00:00 |k Rodrigo Vera | ||
| 999 | |c 296726 |d 296724 | ||
| 952 | |0 0 |1 0 |4 0 |6 005_369000000000000_FIN_2000 |7 0 |8 A |9 350812 |a BIBENE |b BIBENE |d 2019-11-20 |i 3744345 |o 005.369 FIN 2000 |p 3744345 |r 2025-01-15 |w 2019-11-20 |y BK |k ICO | ||